00379nam a2200121Ia 4500008004100000245011800041260001700159260000900176300000800185650002300193650001200216856002900228170516s9999 xx 000 0 und d aAbdominal Aortic Aneurysms Targeted by Functionalized Polysaccharide Microparticles: a new Tool for SPECT Imaging bTheranostics c2014 a4:6 xMedical Technology xMedtech uhttp://www.thno.org/v4i6